musiques de Drake avec 500 millions d'écoutes - Statistiques

Statistiques générales
  • Ce quiz a été pris 16 fois
  • Le résultat moyen est 12 sur 64
Statistiques - réponses
nombre d'écoutes musique % Correct
3 075 000 000 God's Plan
92%
4 238 000 000 One Dance
92%
1 678 000 000 Hotline Bling
67%
814 700 000 Take Care
58%
1 701 000 000 Work (feat. Drake)
58%
1 127 000 000 Fair Trade
42%
1 163 000 000 Headlines
42%
1 574 000 000 MIA (feat. Drake)
42%
2 242 000 000 Passionfruit
42%
628 200 000 Yebba's Heartbreak
42%
1 151 000 000 Laugh Now Cry Later
33%
1 468 000 000 Life Is Good (feat. Drake)
33%
1 207 000 000 Toosie Slide
33%
628 100 000 Girls Want Girls
25%
1 313 000 000 Hold On, We're Going Home
25%
1 523 000 000 In My Feelings
25%
1 331 000 000 Jimmy Cooks
25%
790 000 000 Marvins Room
25%
1 492 000 000 Nice For What
25%
612 200 000 NOKIA
25%
578 500 000 Started From the Bottom
25%
1 182 000 000 Too Good
25%
672 200 000 Way 2 Sexy
25%
995 000 000 Chicago Freestyle
17%
933 000 000 Controlla
17%
891 600 000 Jumpman
17%
1 445 000 000 Love Me (feat. Drake)
17%
1 077 000 000 Teenage Fever
17%
637 000 000 Do Not Disturb
8%
571 400 000 Feel No Ways
8%
1 009 000 000 F**kin' Probelms (feat. Drake)
8%
775 000 000 Forever
8%
1 365 000 000 Going Bad (feat. Drake)
8%
649 000 000 GREECE (feat. Drake)
8%
606 500 000 IDGAF
8%
525 000 000 Jungle
8%
894 000 000 Knife Talk
8%
505 100 000 MELTDOWN (feat. Drake)
8%
1 121 000 000 Money In The Grave
8%
1 314 000 000 No Guidance (feat. Drake)
8%
1 310 000 000 Nonstop
8%
568 300 000 Not You Too
8%
639 100 000 Only (feat. Drake)
8%
730 000 000 Poetic Justice (feat. Drake)
8%
674 400 000 Portland
8%
991 900 000 Rich Flex
8%
638 800 000 Trust Issues
8%
880 300 000 Walk It Talk It (feat. Drake)
8%
982 500 000 Wants and Needs
8%
1 309 000 000 Yes Indeed (feat. Drake)
8%
543 200 000 0 To 100 / The Catch Up
0%
868 900 000 Best I Ever Had
0%
762 700 000 Come and See Me (feat. Drake)
0%
586 000 000 Don't Matter To Me
0%
574 100 000 Energy
0%
1 045 000 000 Fake Love
0%
880 600 000 Girls Need Love (feat. Drake)
0%
1 053 000 000 Look Alive (feat. Drake)
0%
666 000 000 Odio (feat. Drake)
0%
795 700 000 POPSTAR (feat. Drake)
0%
682 400 000 Rich Baby Daddy
0%
673 000 000 She Will
0%
692 800 000 The Motto
0%
777 000 000 What's My Name? (feat. Drake)
0%
Aucun quiz correspondant
Distribution des résultats
% des personnes avec chaque résultat
Percentile par nombre de réponses
Votre historique - résultats
Vous n’avez pas pris ce quiz